Chapter Potentials and Challenges of Additive Manufacturing Technologies for Heat Exchanger (Record no. 25673)
[ view plain ]
| 000 -LEADER | |
|---|---|
| fixed length control field | 00756nam a2200121Ia 4500 |
| 008 - FIXED-LENGTH DATA ELEMENTS--GENERAL INFORMATION | |
| fixed length control field | 220620s9999||||xx |||||||||||||| ||und|| |
| 100 ## - MAIN ENTRY--PERSONAL NAME | |
| Personal name | Scheithauer, Uwe||Kordaß, Richard||Noack, Kevin||F. Eichenauer, Martin||Hartmann, Mathias||Abel, Johannes||Ganzer, Gregor||Lordick, Daniel |
| 245 #0 - TITLE STATEMENT | |
| Title | Chapter Potentials and Challenges of Additive Manufacturing Technologies for Heat Exchanger |
| 546 ## - LANGUAGE NOTE | |
| Language note | English[eng] |
| 650 ## - SUBJECT ADDED ENTRY--TOPICAL TERM | |
| Topical term or geographic name entry element | additive manufacturing, computer-aided design, flow simulation, metals, ceramics, fractal geometry |
| 856 ## - ELECTRONIC LOCATION AND ACCESS | |
| Uniform Resource Identifier | <a href="https://library.oapen.org/bitstream/20.500.12657/49292/1/63132.pdf||https://library.oapen.org/bitstream/20.500.12657/49292/1/63132.pdf||https://library.oapen.org/bitstream/20.500.12657/49292/1/63132.pdf">https://library.oapen.org/bitstream/20.500.12657/49292/1/63132.pdf||https://library.oapen.org/bitstream/20.500.12657/49292/1/63132.pdf||https://library.oapen.org/bitstream/20.500.12657/49292/1/63132.pdf</a> |
| 942 ## - ADDED ENTRY ELEMENTS (KOHA) | |
| Koha item type | E-Books |
| Withdrawn status | Lost status | Damaged status | Not for loan | Home library | Current library | Date acquired | Total Checkouts | Date last seen | Price effective from | Koha item type |
|---|---|---|---|---|---|---|---|---|---|---|
| Kerala University of Digital Sciences, Innovation and Technology Knowledge Centre | Kerala University of Digital Sciences, Innovation and Technology Knowledge Centre | 20/06/2022 | 20/06/2022 | 20/06/2022 | E-Books |